Los actos copenados

Detalles Bibliográficos
Autor principal: Palma Herrera, Jose Manuel
Formato: Desconocido
Lenguaje:español
Publicado: Madrid : Dykinson, 2004
Materias:
Acceso en línea:Acceso restringido

MARC

LEADER 00000ny a22000003n 4500
005 20110627144142.0
006 m u
007 cr cn|||||||||
008 200508r2004 sp |||||s|||||||||||spa d
020 |a 9788497723848 
035 |a 640 
040 |a FlNmELB  |c FlNmELB  |d vLex 
050 |a K5000  |b P171 2004eb 
080 |a 343.26 
090 |c 1136  |d 1136 
100 1 |a Palma Herrera, Jose Manuel 
245 1 4 |a Los actos copenados  |h [Recurso electrn̤ico]  |c Jose Manuel Palma Herrera 
256 |a Servicio en ln̕ea 
260 |a Madrid :  |b Dykinson,  |c 2004 
300 |a [5]-278 p 
506 1 |a Contenido solo disponible en los productos indicados  |d vLex Global  |d vLex Global (Academic Edition, excluding Law Schools)  |d vLex Global (U.S. Academic Edition, Law Schools)  |d vLex Global (U.S. Academic Edition, excluding Law Schools)  |d vLex Global (Academic Edition, Law Schools) 
650 0 7 |a Penal  |2 Tesauro vLex 
650 0 7 |a Concurso de delitos  |2 Tesauro vLex 
650 0 7 |a Teora̕ jurd̕ica del delito  |2 Tesauro vLex 
740 0 |a vLex Libros (Servicios en ln̕ea) 
856 4 0 |u http://vlex.com/source/640  |z Acceso restringido 
942 |c BOOK